IFM Opac

Decision Support Systems in the 21st Century (Record no. 2327)

MARC details
000 -LEADER
fixed length control field 00606nam a2200205Ia 4500
003 - CONTROL NUMBER IDENTIFIER
control field OSt
005 - DATE AND TIME OF LATEST TRANSACTION
control field 20220817095936.0
008 - FIXED-LENGTH DATA ELEMENTS--GENERAL INFORMATION
fixed length control field 220817b |||||||| |||| 00| 0 eng d
020 ## - INTERNATIONAL STANDARD BOOK NUMBER
International Standard Book Number 0 13 122848 X
040 ## - CATALOGING SOURCE
Transcribing agency IFM Libary
082 ## - DEWEY DECIMAL CLASSIFICATION NUMBER
Classification number 658.4038011
100 ## - MAIN ENTRY--PERSONAL NAME
Personal name Marakas, George M
9 (RLIN) 7565
245 ## - TITLE STATEMENT
Title Decision Support Systems in the 21st Century
250 ## - EDITION STATEMENT
Edition statement 2nd ed.
260 ## - PUBLICATION, DISTRIBUTION, ETC.
Place of publication, distribution, etc. New Jersey:
Name of publisher, distributor, etc. Prentice Hall,
Date of publication, distribution, etc. 2003
300 ## - PHYSICAL DESCRIPTION
Extent xxiii, 611p.:
Other physical details ill.; 24cm.
500 ## - GENERAL NOTE
General note Includes References and Index
650 ## - SUBJECT ADDED ENTRY--TOPICAL TERM
Topical term or geographic name entry element Decision support system Database managementData mining
9 (RLIN) 7566
942 ## - ADDED ENTRY ELEMENTS (KOHA)
Koha item type Books
Source of classification or shelving scheme Dewey Decimal Classification
Suppress in OPAC No
Holdings
Withdrawn status Lost status Source of classification or shelving scheme Damaged status Not for loan Collection code Home library Current library Shelving location Date acquired Source of acquisition Full call number Barcode Date last seen Price effective from Koha item type
    Dewey Decimal Classification     Non-fiction IFM Main Campus Library IFM Main Campus Library General Collection 08/17/2022 Purchase 658.4038011 MAR 0000013292 05/15/2015 02/19/2022 Books
    Dewey Decimal Classification     Non-fiction IFM Main Campus Library IFM Main Campus Library General Collection 08/17/2022 Purchase 658.4038011 MAR 0000013290 10/19/2015 02/19/2022 Books
    Dewey Decimal Classification     Non-fiction IFM Main Campus Library IFM Main Campus Library General Collection 08/17/2022 Purchase 658.4038011 MAR 0000013295 08/17/2022 02/19/2022 Books
    Dewey Decimal Classification     Non-fiction IFM Main Campus Library IFM Main Campus Library General Collection 08/17/2022 Purchase 658.4038011 MAR 0000013294 08/17/2022 02/19/2022 Books